الادارة و القيادة الذات انت كما تفكر / (رقم التسجيلة. 142082)
[ عرض عادي ]
| 000 -LEADER | |
|---|---|
| fixed length control field | 00538nam a22001697a 4500 |
| 005 - DATE AND TIME OF LATEST TRANSACTION | |
| control field | 20251108175756.0 |
| 008 - FIXED-LENGTH DATA ELEMENTS--GENERAL INFORMATION | |
| fixed length control field | 250721s2001 xx 000 0 ara d |
| 082 14 - DEWEY DECIMAL CLASSIFICATION NUMBER | |
| Classification number | 158.4/ويت |
| 100 1# - MAIN ENTRY--PERSONAL NAME | |
| Personal name | كاميرون، دافيد ويتون |
| 245 10 - TITLE STATEMENT | |
| Title | الادارة و القيادة الذات انت كما تفكر / |
| 264 1# - PRODUCTION, PUBLICATION, DISTRIBUTION, MANUFACTURE, AND COPYRIGHT NOTICE | |
| Place of production, publication, distribution, manufacture | القاهرة : |
| Name of producer, publisher, distributor, manufacturer | مركز الخبرات المهنية للادارة، |
| Date of production, publication, distribution, manufacture, or copyright notice | 2001. |
| 300 ## - PHYSICAL DESCRIPTION | |
| Extent | 422ص. |
| 650 17 - SUBJECT ADDED ENTRY--TOPICAL TERM | |
| Topical term or geographic name as entry element | القيادة |
| 650 17 - SUBJECT ADDED ENTRY--TOPICAL TERM | |
| Topical term or geographic name as entry element | الادارة |
| 942 ## - ADDED ENTRY ELEMENTS (KOHA) | |
| Source of classification or shelving scheme | Dewey Decimal Classification |
| Koha item type | كتب |
| حالة السحب | حالة الفقدان | مصدر التصنيف | حالة التلف | غير قابل للإعارة | المكتبة الرئيسية | المكتبة الحالية | موقع الرف | تاريخ التزويد | الرقم المتسلسل | Total Checkouts | رقم الإستدعاء | الباركود | تاريخ آخر ظهور | تاريخ الفاتورة | نوع المادة (كوها) |
|---|---|---|---|---|---|---|---|---|---|---|---|---|---|---|---|
| Dewey Decimal Classification | المكتبة المركزية | المكتبة المركزية | الإعارة | 28/07/2025 | 1745046 | 158.4/ويت | PLD00491538 | 28/07/2025 | 28/07/2025 | كتب |